La musa enferma /

Francisco Alcaraz (Culiacán, Sinaloa, 1979) estudió lengua y literatura hispánicas en la Universidad Autónoma de Sinaloa. Es coautor de Los límites acordados. Ocho poetas jóvenes sinaloenses (2000). Ha publicado poesía y ensayo en revistas y suplementos como La Jornada Semanal, Luvina, Tierra Adentr...

Ful tanımlama

Kaydedildi:
Detaylı Bibliyografya
Yazar: Alcaraz, Francisco (autor)
Materyal Türü: Kitap
Dil:İspanyolca
Baskı/Yayın Bilgisi: Guadalajara, México : México : Gobierno del Estado de Jalisco, Secretaría de Cultura ; CONACULTA, 2002, c2002
Seri Bilgileri:(Tierra Adentro ; 249)
Konular:
Etiketler: Etiketle
Etiket eklenmemiş, İlk siz ekleyin!

MARC

LEADER 00000nam^a2200000^a^4500
001 000146479
005 20250521000000.0
009 20260310095911.791
020 |a 970-18-8371-3 
037 |a Acervo ITESO - Biblioteca 
041 |a ESP 
082 |a 861.  |b ALC 
100 |a Alcaraz, Francisco  |e (autor) 
245 1 3 |a La musa enferma /  |c F. Alcaraz. 
264 4 |a Guadalajara, México :  |b Gobierno del Estado de Jalisco, Secretaría de Cultura ;  |a México :  |b CONACULTA,  |c 2002, c2002 
300 |a 70 p. 
336 |a texto  |b txt  |2 rdacontenido 
337 |a sin mediación  |b n  |2 rdamedio 
338 |a volumen  |b nc  |2 rdasoporte 
440 1 |a (Tierra Adentro ;  |v 249) 
520 |a Francisco Alcaraz (Culiacán, Sinaloa, 1979) estudió lengua y literatura hispánicas en la Universidad Autónoma de Sinaloa. Es coautor de Los límites acordados. Ocho poetas jóvenes sinaloenses (2000). Ha publicado poesía y ensayo en revistas y suplementos como La Jornada Semanal, Luvina, Tierra Adentro, Crótalo y Literal. Es jefe de redacción de la revista Textos. En 1998 participó en el XVIII Encuentro Nacional de Jóvenes Escritores organizado por al UNAM. Ha sido becario del Fondo Estatal para la Cultura y las Artes de Sinaloa. La presente obra, La musa enferma es su primer libro individual publicado. 
649 |a XX 
650 |a Poesía Mexicana 
650 |a Literatura Mexicana -  |y Siglo XXI 
910 |a Fondo General 
920 |a Impresos - Libros 
930 |a Colección General 
940 |a Literatura 
905 |a 101 
901 |a 0500076031  |b IT1  |c LIT  |u 20250521 
902 |a https://opac.biblio.iteso.mx/vufind/Record/000146479